000 00901nam a2200217 i 4500
001 64517
003 ES-MaACL
005 20251118191623.0
007 t|
008 031229s1943 sp ||||1| spa d
100 1 _aFont Puig, Pedro.
_951567
245 1 0 _aMemoria de los actos celebrados en la ciudad de Vich, en conmemoración del centenario de "El criterio" de Balmes
_b: Balmes y las teorías científicas del siglo XX /
_cpor Pedro Font Puig.
260 _aBarcelona :
_bBalmesiana,
_c1943.
300 _a12 p. ;
_c25 cm.
500 _aConferencia leída en el acto celebrado el dia 6 de junio en la sala de la Biblioteca Popular Jaime Balmes.
500 _aPrecede al tit.: Ayuntamiento de Vich.
600 1 4 _aBalmes, Jaime,
_d1810-1848-
_xCrítica e interpretación
_925097
710 2 _aVich.
_bAyuntamiento.
_97553
852 _aES-MaACL
_j1848-F-10
_bR.20702
999 _c64517
_d64517